Por tierras ignotas (Record no. 5994)

MARC details
000 -CABECERA
campo de control de longitud fija 00901nam a2200277 a 4500
001 - NÚMERO DE CONTROL
campo de control BRCA_6308
005 - FECHA Y HORA DE LA ÚLTIMA TRANSACCIÓN
campo de control 20190320205416.0
008 - DATOS DE LONGITUD FIJA--INFORMACIÓN GENERAL
campo de control de longitud fija 050811s1945----mx-ab#####---#000-0#spa-#
041 ## - CÓDIGO DE LENGUA
Código de lengua del texto/banda sonora o título independiente spa
044 ## - CÓDIGO DEL PAÍS DE LA ENTIDAD EDITORA/PRODUCTORA
Código MARC del país mx
050 #4 - SIGNATURA TOPOGRÁFICA DE LA BIBLIOTECA DEL CONGRESO
Número de clasificación F1286
Número de documento/Ítem .H46 1
-- 1945
100 1# - ENTRADA PRINCIPAL--NOMBRE DE PERSONA
Nombre de persona Hendrichs Pérez, Pedro R.
9 (RLIN) 15830
245 10 - MENCIÓN DE TÍTULO
Título Por tierras ignotas
Resto del título viajes y observaciones en la región del Río de las Balsas
Mención de responsabilidad, etc. Pedro R. Hendrichs Pérez.
260 ## - PUBLICACIÓN, DISTRIBUCIÓN, ETC.
Lugar de publicación, distribución, etc. México
Nombre del editor, distribuidor, etc. Cultura
Fecha de publicación, distribución, etc. 1945
300 ## - DESCRIPCIÓN FÍSICA
Extensión 260 p. (v.1)
Otras características físicas il., 1 mapa plegable
Dimensiones 25 cm.
500 ## - NOTA GENERAL
Nota general Incluye índice de referencia
500 ## - NOTA GENERAL
Nota general Ver también Q58 (v.2)
500 ## - NOTA GENERAL
Nota general C69
504 ## - NOTA DE BIBLIOGRAFÍA, ETC.
Nota de bibliografía, etc. Bibliografía: p. 251-252
650 14 - PUNTO DE ACCESO ADICIONAL DE MATERIA--TÉRMINO DE MATERIA
Término de materia o nombre geográfico como elemento de entrada Río de las Balsas
9 (RLIN) 15831
651 #4 - PUNTO DE ACCESO ADICIONAL DE MATERIA--NOMBRE GEOGRÁFICO
Nombre geográfico Guerrero
Subdivisión general Descripción y viajes
9 (RLIN) 15832
651 #4 - PUNTO DE ACCESO ADICIONAL DE MATERIA--NOMBRE GEOGRÁFICO
Nombre geográfico Michoacán
Subdivisión general Descripción y viajes
9 (RLIN) 15833
651 #4 - PUNTO DE ACCESO ADICIONAL DE MATERIA--NOMBRE GEOGRÁFICO
Nombre geográfico México
Subdivisión general Descripción y viajes
9 (RLIN) 103
902 ## - CATALOGADOR
Iniciales GFM
942 ## - ELEMENTOS DE PUNTO DE ACCESO ADICIONAL (KOHA)
Fuente del sistema de clasificación o colocación Library of Congress Classification
Tipo de ítem Koha Libros
Holdings
Estado de retiro Estado de pérdida Estado dañado No para préstamo Localización permanente Ubicación/localización actual Fecha de adquisición Número de inventario Total de préstamos Signatura topográfica completa Código de barras Fecha visto por última vez Precio válido a partir de Tipo de ítem Koha
El ejemplar forma parte de la colección y puede ser consultado según las políticas vigentes.       Biblioteca del Museo Franz Mayer (Rogerio Casas-Alatriste) Biblioteca del Museo Franz Mayer (Rogerio Casas-Alatriste) 05/08/2011 C69   F1286 .H46 1 1945 (C69) 6747 22/03/2019 22/03/2019 Libros